| 000 | 01360nam a22002537a 4500 | ||
|---|---|---|---|
| 999 |
_c64233 _d64233 |
||
| 005 | 20240530110721.0 | ||
| 008 | 180325s2015 ua g 000 0dara d | ||
| 017 |
_a2015/5563 _bمصر. دار الكتب |
||
| 020 | _a9789779201818 | ||
| 040 |
_aEG-CaGPL _cEG-CaGPL |
||
| 082 | 0 | 4 |
_221 _a953.09 / _bن ت |
| 245 | 0 | 0 |
_aتاريخ بجوى ابراهيم افندى : _bالتاريخ السياسى والعسكرى للدولة العثمانية / _cترجمة وتقديم ناصر عبدالرحيم حسين |
| 250 | _aط.1 | ||
| 260 |
_aالقاهرة : _bالمركز القومى للترجمة ، _c2015. |
||
| 300 |
_a2 مج ؛ _c24 سم. |
||
| 490 | 0 |
_aالمركز القومى للترجمة ؛ _v2269. |
|
| 490 | 0 |
_aالمركز القومى للترجمة ؛ _v2270. |
|
| 500 | _aالمجلد الاول، من عهد السلطان سليمان القانونى حتى عهد السلطان الاول -- المجلد الثانى، من عهد السلطان مراد الثالث حتى عهد السلطان مراد الرابع. | ||
| 650 | 0 | 7 |
_2qrmak _aالعالم العربى _xتاريخ _yالعصر العثمانى |
| 651 | 0 | 7 |
_2qrmak _aالامبراطورية العثمانية |
| 700 | 0 |
_aناصر عبدالرحيم حسين _eمترجم ومقدم |
|
| 942 |
_2ddc _cBK |
||